[Event "Korosztályos Bajnokság u18l"]
[Site "Balatonlelle"]
[Date "2015.06.24"]
[Round "7.1"]
[White "Fekete, Agnes"]
[Black "Acs, Petra"]
[Result "1/2-1/2"]
[WhiteElo "1802"]
[BlackElo "1740"]
[PlyCount "91"]
[EventDate "2015.06.18"]
[EventType "tourn"]
[EventRounds "7"]
[EventCountry "HUN"]
[WhiteClock "0:29:00"]
[BlackClock "0:50:17"]

1. d4 d5 2. Nf3 Nf6 3. Bg5 h6 4. Bxf6 exf6 5. e3 Bd6 6. Be2 O-O 7. O-O Bf5 8.
c4 dxc4 9. Bxc4 c5 10. Nc3 Nc6 11. d5 Ne5 12. Nxe5 Bxe5 13. Re1 a6 14. a4 Re8
15. Qf3 Qd7 16. e4 Bg6 17. Bd3 Rac8 18. Bc2 Qc7 19. h3 Rcd8 20. a5 Bd4 21. Kh1
Qe5 22. Rab1 Qg5 23. Qg3 Qxg3 24. fxg3 Bf2 25. Re2 Bxg3 26. b4 cxb4 27. Rxb4
Re7 28. Na4 Rxd5 29. Re3 Rg5 30. Rc4 Rc7 31. Nb6 Rxc4 32. Nxc4 Bc7 33. Rb3 Rc5
34. Rb4 Bh5 35. g4 Bg6 36. Bd3 Bxa5 37. Rxb7 Bc3 38. Nb6 h5 39. Nd5 hxg4 40.
hxg4 Be5 41. Ne7+ Kh7 42. Nxg6 Kxg6 43. Bxa6 Rc7 44. Rxc7 Bxc7 45. Kg2 Kg5 46.
Kf3 1/2-1/2

[Event "Korosztályos Bajnokság u18l"]
[Site "Balatonlelle"]
[Date "2015.06.24"]
[Round "7.2"]
[White "Arvai, Eszter"]
[Black "Terbe, Zsuzsanna"]
[Result "1/2-1/2"]
[WhiteElo "1954"]
[BlackElo "2123"]
[PlyCount "79"]
[EventDate "2015.06.18"]
[EventType "tourn"]
[EventRounds "7"]
[EventCountry "HUN"]
[WhiteClock "0:31:31"]
[BlackClock "0:03:19"]

1. e4 c5 2. Nf3 Nc6 3. d3 g6 4. g3 Bg7 5. c3 e5 6. Bg2 Nge7 7. O-O O-O 8. a3 d6
9. Nbd2 h6 10. b4 Be6 11. Bb2 Qd7 12. Re1 Rad8 13. Nb3 b6 14. b5 Bxb3 15. Qxb3
Na5 16. Qa4 a6 17. c4 axb5 18. Qxb5 Qxb5 19. cxb5 Nb3 20. Rab1 Nd4 21. Bxd4
exd4 22. Nd2 d5 23. exd5 Nxd5 24. Bxd5 Rxd5 25. Nc4 Rb8 26. Re7 Bf6 27. Ra7 Kf8
28. Re1 g5 29. Re4 Kg7 30. Ra6 Rd7 31. a4 Rdb7 32. Kg2 Kg6 33. Kf3 Kg7 34. Nd6
Rd7 35. Re8 Rbd8 36. Rxd8 Bxd8 37. Nc4 Rb7 38. Nd6 Rd7 39. Nc4 Rb7 40. Nd6
1/2-1/2

[Event "Korosztályos Bajnokság u18l"]
[Site "Balatonlelle"]
[Date "2015.06.24"]
[Round "7.3"]
[White "Terbe, Julianna"]
[Black "Haszon, Kamilla Sara"]
[Result "0-1"]
[WhiteElo "2248"]
[BlackElo "2009"]
[PlyCount "76"]
[EventDate "2015.06.18"]
[EventType "tourn"]
[EventRounds "7"]
[EventCountry "HUN"]
[WhiteClock "0:02:27"]
[BlackClock "0:17:06"]

1. e4 c5 2. c3 d6 3. d4 cxd4 4. cxd4 Nf6 5. Nc3 g6 6. h3 Bg7 7. Nf3 Nc6 8. Be2
O-O 9. O-O Ne8 10. Be3 Nc7 11. Qd2 d5 12. e5 Re8 13. Rac1 f6 14. exf6 exf6 15.
Rfe1 Bf5 16. Na4 Ne6 17. Nh4 Be4 18. f3 f5 19. fxe4 fxe4 20. g3 Ncxd4 21. Bg4
Qd6 22. Bf2 Be5 23. Re3 Rf8 24. Ng2 h5 25. Bxe6+ Nxe6 26. h4 Rf7 27. Rd1 Bd4
28. Rf1 Raf8 29. Nc3 Qe5 30. Kh2 Bxe3 31. Qxe3 Rf3 32. Qe1 e3 33. Nxe3 d4 34.
Ncd1 dxe3 35. Nxe3 Qxb2 36. Nd1 Qxa2 37. Kg1 Qd5 38. Ne3 Qe4 0-1

[Event "Korosztályos Bajnokság u18l"]
[Site "Balatonlelle"]
[Date "2015.06.24"]
[Round "7.4"]
[White "Werner, Anna"]
[Black "Egyed, Viktoria"]
[Result "1/2-1/2"]
[WhiteElo "2039"]
[BlackElo "1975"]
[PlyCount "56"]
[EventDate "2015.06.18"]
[EventType "tourn"]
[EventRounds "7"]
[EventCountry "HUN"]
[WhiteClock "0:14:02"]
[BlackClock "0:16:54"]

1. d4 d5 2. c4 e6 3. cxd5 exd5 4. Nc3 c5 5. Nf3 Nc6 6. Bf4 Nf6 7. e3 Bd6 8.
Bxd6 Qxd6 9. dxc5 Qxc5 10. Bd3 O-O 11. O-O Bg4 12. Be2 Rad8 13. Nd4 Bxe2 14.
Ncxe2 Rfe8 15. Rc1 Qd6 16. h3 Ne4 17. a3 Ng5 18. Qd3 Nxd4 19. Nxd4 Re4 20. Nf5
Qf6 21. Ng3 Ree8 22. Qf5 Qxf5 23. Nxf5 Ne6 24. Rfd1 g6 25. Nd4 Re7 26. Rc2 a6
27. Nb3 Red7 28. Kf1 Kf8 1/2-1/2